Europa Universalis 4 - Statistics

General Stats
  • This quiz has been taken 3,262 times
    3,258 since last reset
  • The average score is 10 of 15
Answer Stats
% Correct
Big Blue Blob France
97%
Holy Roman Emperor Austria
94%
Kebab Ottomans
87%
Commonwealth Poland
84%
Mother Russia! Muscovy
78%
Kalmar Union Denmark
77%
Navy Navy Everywhere England
77%
Colonies and More Colonies Spain
75%
Thy Pope Papal States
62%
OP Military Traditions Brandenburg/Prussia
57%
Giant Brown Blob in the East Ming
52%
Inheritance Burgundy
49%
Green Thing by Above Portugal
44%
Big Red Horde Timurids
36%
Brown Bit that gets eaten by Kebab Mamluks
29%
No matching quizzes found
Score Distribution
Percent of People with Each Score
Percentile by Number Answered
Your Score History
You have not taken this quiz since the last reset